[Event "Aguadilla De Diego Cup 18th"]
[Site "Aguadilla"]
[Date "2021.04.16"]
[Round "1"]
[White "Rodriguez Gonzalez, Angel G"]
[Black "Sola, Jose Antonio"]
[Result "1-0"]
[WhiteElo "1737"]
[BlackElo "1659"]
[PlyCount "99"]
[EventDate "2021.04.16"]
[EventType "swiss"]
[EventRounds "5"]
[EventCountry "PUR"]
[SourceTitle "EXT 2022"]
[Source "ChessBase"]
[SourceDate "2021.10.06"]
[SourceVersion "1"]
[SourceVersionDate "2021.10.06"]
[SourceQuality "1"]

1. e4 e6 2. d4 d5 3. Nd2 c5 4. Ngf3 Nc6 5. exd5 Qxd5 6. Bc4 Qd8 7. dxc5 Bxc5 8. 0-0 Nf6 9. Qe2 0-0 10. Nb3 Bb6 11. Bg5 Re8 12. Rad1 Qe7 13. Bb5 Bd7 14. Rd2 Rad8 15. Rfd1 h6 16. Bh4 a6 17. Bc4 e5 18. Bxf6 Qxf6 19. Rxd7 Rxd7 20. Rxd7 Re7 21. Rxe7 Qxe7 22. Bd5 Nb4 23. Bc4 Bc7 24. Nc1 e4 25. Nd2 Qe5 26. g3 Qxb2 27. Bxf7+ Kxf7 28. Qc4+ Ke8 29. Ncb3 Nc6 30. Qxe4+ Qe5 31. Qg6+ Kd8 32. Nc4 Qe1+ 33. Kg2 Ne5 34. Nxe5 Qxe5 35. Qd3+ Kc8 36. c4 h5 37. Nd4 h4 38. Nf3 h3+ 39. Kxh3 Qh5+ 40. Kg2 g5 41. Qf5+ Kb8 42. Nxg5 Bd8 43. h4 Qe2 44. Ne6 Bb6 45. c5 Ba5 46. a4 Qa2 47. Qe4 Kc8 48. c6 b6 49. Qf5 b5 50. Qf8+ 1-0

[Event "La Cumbre Rusnak Memorial op"]
[Site "La Cumbre"]
[Date "2019.09.14"]
[Round "2.7"]
[White "Gimenez, Ismael"]
[Black "Sola, Jose Antonio"]
[Result "1-0"]
[WhiteElo "2124"]
[BlackElo "1660"]
[PlyCount "65"]
[EventDate "2019.09.13"]
[EventType "swiss"]
[EventRounds "6"]
[EventCountry "ARG"]
[SourceTitle "EXT 2024"]
[Source "ChessBase"]
[SourceDate "2023.10.10"]
[SourceVersion "1"]
[SourceVersionDate "2023.10.10"]
[SourceQuality "1"]

1. c4 Nf6 2. Nc3 d6 3. d4 g6 4. e4 Bg7 5. Nf3 0-0 6. Be2 e5 7. 0-0 exd4 8. Nxd4 Nc6 9. Be3 Re8 10. f3 Bd7 11. Qd2 Nxd4 12. Bxd4 a6 13. Rad1 Qe7 14. c5 Rad8 15. cxd6 Qxd6 16. e5 Rxe5 17. Bxe5 Qxe5 18. Qd4 Qh5 19. Nd5 Ng4 20. Qf4 Qe5 21. fxg4 Qxe2 22. Qxc7 Qe8 23. Rfe1 Bd4+ 24. Kh1 Be6 25. Rxd4 Bxd5 26. Rxe8+ Rxe8 27. h4 Re1+ 28. Kh2 Bc6 29. Rf4 f5 30. gxf5 Re2 31. fxg6 Rxg2+ 32. Kh3 Rxg6 33. Qd8+ 1-0

[Event "ARG-ch sf Amateur U2000/2300"]
[Site "Cosquin"]
[Date "2019.07.27"]
[Round "3.4"]
[White "Marquez, Juan Carlos"]
[Black "Sola, Jose Antonio"]
[Result "1/2-1/2"]
[WhiteElo "1684"]
[BlackElo "1675"]
[PlyCount "26"]
[EventDate "2019.07.27"]
[EventType "swiss"]
[EventRounds "6"]
[EventCountry "ARG"]
[SourceTitle "EXT 2024"]
[Source "ChessBase"]
[SourceDate "2023.10.10"]
[SourceVersion "1"]
[SourceVersionDate "2023.10.10"]
[SourceQuality "1"]

1. d4 Nf6 2. Nf3 g6 3. Nc3 d6 4. e4 Bg7 5. Be2 0-0 6. e5 dxe5 7. dxe5 Qxd1+ 8. Bxd1 Ng4 9. Bf4 c6 10. h3 Nh6 11. 0-0 f6 12. exf6 exf6 13. Be2 Be6 1/2-1/2

[Event "Mem Jorge Wilson 5th"]
[Site "La Falda"]
[Date "2018.04.29"]
[Round "1.1"]
[White "Daneri, Martin"]
[Black "Sola, Jose Antonio"]
[Result "1-0"]
[WhiteElo "2083"]
[BlackElo "1694"]
[PlyCount "59"]
[EventDate "2018.04.29"]
[EventType "swiss"]
[EventRounds "6"]
[EventCountry "ARG"]
[SourceTitle "EXT 2024"]
[Source "ChessBase"]
[SourceDate "2023.10.10"]
[SourceVersion "1"]
[SourceVersionDate "2023.10.10"]
[SourceQuality "1"]

1. c4 Nf6 2. Nc3 g6 3. e4 d6 4. d4 Bg7 5. Be2 0-0 6. g4 Nc6 7. d5 Ne5 8. g5 Ne8 9. h4 f5 10. f4 Ng4 11. exf5 Nf2 12. Kxf2 Bxf5 13. Nf3 c6 14. Nd4 Qb6 15. Be3 c5 16. Nxf5 Rxf5 17. Rb1 Bd4 18. Kf3 Ng7 19. Na4 Qc7 20. Bd3 Bxe3 21. Kxe3 Rf7 22. h5 Raf8 23. hxg6 Rxf4 24. Rxh7 e6 25. Qh1 Rf3+ 26. Kd2 Qa5+ 27. b4 Rf2+ 28. Ke1 Rf1+ 29. Bxf1 Rxf1+ 30. Kxf1 1-0

[Event "Villa Martelli ProAm op 24th"]
[Site "Villa Martelli"]
[Date "2017.10.02"]
[Round "3"]
[White "Katopodis, Santiago"]
[Black "Sola, Jose Antonio"]
[Result "0-1"]
[WhiteElo "1485"]
[BlackElo "1692"]
[PlyCount "83"]
[EventDate "2017.10.01"]
[EventType "swiss"]
[EventRounds "9"]
[EventCountry "ARG"]
[SourceTitle "CBM 181 Extra"]
[Source "ChessBase"]
[SourceDate "2017.12.12"]
[SourceVersion "1"]
[SourceVersionDate "2017.12.12"]
[SourceQuality "1"]

1. e4 d6 2. d4 g6 3. Nf3 Bg7 4. Be2 Nf6 5. Nc3 a6 6. h3 b5 7. a3 Bb7 8. Bd3 0-0 9. 0-0 c5 10. dxc5 dxc5 11. e5 Nd5 12. Nxd5 Qxd5 13. Bf4 e6 14. Re1 Nc6 15. b3 Rfd8 16. Be4 Qxd1 17. Raxd1 h6 18. g4 g5 19. Bg3 Rxd1 20. Rxd1 Rd8 21. Rxd8+ Nxd8 22. Bxb7 Nxb7 23. Kf1 Na5 24. Ke2 Nc6 25. Ke3 Bf8 26. c3 Be7 27. Nd2 b4 28. cxb4 cxb4 29. a4 Bc5+ 30. Ke4 Na5 31. f4 Kg7 32. fxg5 hxg5 33. h4 gxh4 34. Bxh4 Kf8 35. Bd8 Nc6 36. Bc7 Ke8 37. Nc4 Kd7 38. Bd6 Bxd6 39. Nxd6 Ke7 40. Nc4 f6 41. g5 fxg5 42. Ne3 0-1

[Event "Villa Martelli ProAm op 24th"]
[Site "Villa Martelli"]
[Date "2017.10.01"]
[Round "1"]
[White "Sola, Jose Antonio"]
[Black "Della Morte, German"]
[Result "0-1"]
[WhiteElo "1692"]
[BlackElo "2362"]
[PlyCount "66"]
[EventDate "2017.10.01"]
[EventType "swiss"]
[EventRounds "9"]
[EventCountry "ARG"]
[SourceTitle "CBM 181 Extra"]
[Source "ChessBase"]
[SourceDate "2017.12.12"]
[SourceVersion "1"]
[SourceVersionDate "2017.12.12"]
[SourceQuality "1"]

1. e4 c5 2. Nf3 e6 3. d4 cxd4 4. Nxd4 Nc6 5. Be2 Nf6 6. Nxc6 bxc6 7. Nd2 d5 8. e5 Nd7 9. Nf3 Qc7 10. Qd4 g6 11. 0-0 c5 12. Qf4 Bg7 13. Bb5 Rb8 14. a4 a6 15. Bxd7+ Bxd7 16. Re1 Rb4 17. Qg3 Rxa4 18. Rxa4 Bxa4 19. b3 Bc6 20. Qh3 h6 21. Bf4 Qa5 22. Bd2 Qa2 23. b4 Qxc2 24. bxc5 d4 25. Bf4 Qxc5 26. Rc1 Qd5 27. Rd1 Qe4 28. Nxd4 Ba4 29. Qd3 Qxf4 30. Ne2 Qg5 31. Ra1 Bb5 32. Qd6 Bxe5 33. Qb4 Bxa1 0-1